[Event "GER-chT U20 Girls"]
[Site "Magdeburg"]
[Date "2023.12.30"]
[Round "7.4"]
[White "Dieckmann, Phibie"]
[Black "Milman, Sophie"]
[Result "1-0"]
[WhiteElo "1083"]
[BlackElo "1184"]
[PlyCount "67"]
[EventDate "2023.12.26"]
[EventType "team-swiss"]
[EventRounds "7"]
[EventCountry "GER"]
[SourceTitle "CB03_2024"]
[SourceDate "2024.01.17"]
[SourceVersion "1"]
[SourceVersionDate "2024.01.17"]
[SourceQuality "1"]
[WhiteTeam "Porta Westfalica"]
[BlackTeam "Offenbach"]
[WhiteTeamCountry "GER"]
[BlackTeamCountry "GER"]

1. d4 Nf6 2. Nf3 g6 3. c4 d6 4. Nc3 Bg7 5. e4 0-0 6. h3 c5 7. d5 e6 8. Be2 exd5 9. cxd5 Re8 10. Qc2 Qe7 11. Nd2 Nbd7 12. 0-0 Ne5 13. f4 Ned7 14. Bd3 Qd8 15. Nc4 Nb6 16. Bd2 Nxc4 17. Bxc4 Re7 18. Rae1 Qe8 19. Nb5 Qd8 20. e5 dxe5 21. d6 Rd7 22. fxe5 Ne8 23. e6 fxe6 24. Bxe6+ Kh8 25. Bxd7 Qxd7 26. Qxc5 a6 27. Re7 Qd8 28. Rfe1 Bd7 29. Nc7 Nxc7 30. dxc7 Qc8 31. Bc3 Kg8 32. Rxg7+ Kh8 33. Qc4 Qf8 34. Rg8# 1-0

[Event "GER-chT U20 Girls"]
[Site "Magdeburg"]
[Date "2023.12.28"]
[Round "4.6"]
[White "Muhina, Liana"]
[Black "Dieckmann, Phibie"]
[Result "1-0"]
[WhiteElo "1192"]
[BlackElo "1083"]
[PlyCount "141"]
[EventDate "2023.12.26"]
[EventType "team-swiss"]
[EventRounds "7"]
[EventCountry "GER"]
[SourceTitle "CB03_2024"]
[SourceDate "2024.01.17"]
[SourceVersion "1"]
[SourceVersionDate "2024.01.17"]
[SourceQuality "1"]
[WhiteTeam "Garching"]
[BlackTeam "Porta Westfalica"]
[WhiteTeamCountry "GER"]
[BlackTeamCountry "GER"]

1. e4 c5 2. Nf3 d6 3. Bb5+ Nd7 4. d4 cxd4 5. Nxd4 a6 6. Be2 Ngf6 7. Nc3 g6 8. Bg5 Bg7 9. Qd2 0-0 10. Bh6 Ne5 11. Bxg7 Kxg7 12. f4 Nc6 13. h4 e5 14. Nxc6 bxc6 15. f5 d5 16. h5 Nxe4 17. Qe3 Bxf5 18. hxg6 Qg5 19. Qxg5 Nxg5 20. gxf7 Rxf7 21. 0-0-0 Ne4 22. Rh5 Nxc3 23. bxc3 h6 24. Rdh1 Rf6 25. g4 Be4 26. R1h2 Re8 27. g5 hxg5 28. Rxg5+ Bg6 29. Bh5 e4 30. Rhg2 Ree6 31. Bg4 Re7 32. Bh5 Ree6 33. Bg4 Rd6 34. Bh5 c5 35. Kd2 Kh6 36. Be2 Rf5 37. R5g3 d4 38. Rh2+ Kg7 39. Bh5 e3+ 40. Ke2 Kf7 41. Bg4 Rf4 42. Ke1 d3 43. cxd3 Rxd3 44. Rc2 Rd6 45. Re2 Rd3 46. Rc2 Rc4 47. Be2 Be4 48. Bxd3 Bxd3 49. Rf3+ Ke6 50. Rxe3+ Be4 51. Rb2 Ke5 52. Rb8 Kf4 53. Kd2 Ra4 54. a3 a5 55. Rc8 Rc4 56. Re1 a4 57. Rf8+ Ke5 58. Re8+ Kd5 59. Rg1 Kd6 60. Rh8 Bf5 61. Rh6+ Be6 62. Re1 Kd5 63. Rhxe6 Rb4 64. R1e5+ Kc4 65. Re4+ Kb3 66. Rxb4+ cxb4 67. cxb4 Kxa3 68. b5 Kb4 69. b6 Kc5 70. b7 Kd5 71. Ra6 1-0

[Event "GER-chT U20 Girls"]
[Site "Muenster"]
[Date "2022.12.29"]
[Round "6"]
[White "Dieckmann, Phibie"]
[Black "Fetahovic, Sarah"]
[Result "0-1"]
[WhiteElo "1020"]
[BlackElo "1340"]
[PlyCount "42"]
[EventDate "2022.12.26"]
[EventType "team-swiss"]
[EventRounds "7"]
[EventCountry "GER"]
[SourceTitle "CBM 212 Extra"]
[Source "ChessBase"]
[SourceDate "2023.03.31"]
[SourceVersion "1"]
[SourceVersionDate "2023.03.31"]
[SourceQuality "1"]
[WhiteTeam "Porta Westfalica"]
[BlackTeam "Solingen"]
[WhiteTeamCountry "GER"]
[BlackTeamCountry "GER"]

1. e4 e5 2. Nf3 Nc6 3. Bc4 Bc5 4. Nc3 Nf6 5. 0-0 0-0 6. d3 d6 7. Bg5 h6 8. Bh4 Be6 9. h3 Bxc4 10. dxc4 Re8 11. Nd5 g5 12. Nxf6+ Qxf6 13. Bg3 Qg6 14. Nd2 h5 15. h4 Kh7 16. Nf3 gxh4 17. Bxh4 f6 18. Re1 Rg8 19. g3 Qg4 20. Bxf6 Qxg3+ 21. Kf1 Qxf2# 0-1

[Event "GER-chT U20 Girls"]
[Site "Muenster"]
[Date "2022.12.29"]
[Round "5"]
[White "Dieckmann, Phibie"]
[Black "Mohammed Dawed, Lizan"]
[Result "0-1"]
[WhiteElo "1020"]
[BlackElo "816"]
[PlyCount "70"]
[EventDate "2022.12.26"]
[EventType "team-swiss"]
[EventRounds "7"]
[EventCountry "GER"]
[SourceTitle "CBM 212 Extra"]
[Source "ChessBase"]
[SourceDate "2023.03.31"]
[SourceVersion "1"]
[SourceVersionDate "2023.03.31"]
[SourceQuality "1"]
[WhiteTeam "Porta Westfalica"]
[BlackTeam "Bad Oldesloe"]
[WhiteTeamCountry "GER"]
[BlackTeamCountry "GER"]

1. e4 d5 2. exd5 Qxd5 3. Nc3 Qa5 4. d4 Nf6 5. Bd2 c6 6. Nf3 Bg4 7. h3 Bf5 8. Bc4 Qd8 9. 0-0 h6 10. Re1 g5 11. Ne5 e6 12. a3 Qxd4 13. Qe2 Nbd7 14. Nxd7 Qxd7 15. Bd3 Bxd3 16. cxd3 0-0-0 17. Ne4 Nxe4 18. dxe4 Qxd2 19. Qf3 Qf4 20. Qc3 Bd6 21. e5 Bc7 22. b4 Rd5 23. g3 Qf5 24. Qe3 Rxe5 25. Qxa7 Bb8 26. Qb6 Rb5 27. Qd4 Be5 28. Qd2 Bxa1 29. Rxa1 Rd8 30. Qc3 Rd3 31. Qb2 Qf3 32. Rf1 Rbd5 33. b5 Rd1 34. b6 Rxf1+ 35. Kxf1 Rd1# 0-1